Edgar Garavito. Hacia una vida no fascista (Registro nro. 343372)

Detalles MARC
001 - NÚMERO DE CONTROL
campo de control 907308
005 - FECHA Y HORA DE LA ÚLTIMA TRANSACCIÓN
campo de control 20250226091126.0
008 - DATOS DE LONGITUD FIJA--INFORMACIÓN GENERAL
campo de control de longitud fija 050201e20041005 spa
035 ## - NÚMERO DE CONTROL DEL SISTEMA
Número de control de sistema 907308
035 ## - NÚMERO DE CONTROL DEL SISTEMA
Número de control de sistema (OCoLC)820304114
040 ## - FUENTE DE LA CATALOGACIÓN
Centro/agencia transcriptor comduadb
041 ## - CÓDIGO DE LENGUA
Código de lengua del texto/banda sonora o título independiente spa
100 10 - ENTRADA PRINCIPAL--NOMBRE DE PERSONA
Nombre de persona Alzate Toro, Faber Hernán
Código de función aut
Término indicativo de función/relación Autor/a
9 (RLIN) 512113
245 10 - MENCIÓN DE TÍTULO
Título Edgar Garavito. Hacia una vida no fascista
650 #7 - PUNTO DE ACCESO ADICIONAL DE MATERIA--TÉRMINO DE MATERIA
Término de materia o nombre geográfico como elemento de entrada Verdad
Fuente del encabezamiento o término lemb
9 (RLIN) 63707
650 #7 - PUNTO DE ACCESO ADICIONAL DE MATERIA--TÉRMINO DE MATERIA
Término de materia o nombre geográfico como elemento de entrada Política
Fuente del encabezamiento o término lemb
9 (RLIN) 2085
650 #7 - PUNTO DE ACCESO ADICIONAL DE MATERIA--TÉRMINO DE MATERIA
Término de materia o nombre geográfico como elemento de entrada Guerra
Fuente del encabezamiento o término lemb
9 (RLIN) 26922
650 ## - PUNTO DE ACCESO ADICIONAL DE MATERIA--TÉRMINO DE MATERIA
Término de materia o nombre geográfico como elemento de entrada Deleuze, Gilles, 1925-1995 - Pensamiento filosófico
9 (RLIN) 36627
650 ## - PUNTO DE ACCESO ADICIONAL DE MATERIA--TÉRMINO DE MATERIA
Término de materia o nombre geográfico como elemento de entrada Foucault, Michel, 1926-1984 - Pensamiento político y social
9 (RLIN) 41566
650 ## - PUNTO DE ACCESO ADICIONAL DE MATERIA--TÉRMINO DE MATERIA
Término de materia o nombre geográfico como elemento de entrada Guattari, Félix, 1930-1992
9 (RLIN) 24350
773 0# - ENLACE AL DOCUMENTO FUENTE/ENTRADA DE REGISTRO ANFITRIÓN
Título Sociología (Medellín)
Parte(s) relacionada(s) No. 27, Oct. 2004, p. 91-99
Número de control del registro 233078
Número Internacional Normalizado para Publicaciones Seriadas 0120-9264
Número bibliográfico anfitrión 95670
942 ## - ELEMENTOS DE ENTRADA AGREGADA (KOHA)
Tipo de ítem Koha Artículo de Revista

No hay ítems disponibles.